00481nam a22001577a 4500020001800000040000900018082001900027100002100046245002400067250001700091260004500108650003100153942001200184999001900196952010800215 a9790321043466 cNust a621.433bCOH'O aH. Cohen9126289 aGas Turbine theory  a4th edition  aEngland:bAddison Wesley Longman,c1998. aGas Turbine theory 961700 2ddccBK c611995d611995 00102ddc4070aCEMEbCEMEcGENd2024-10-08l0o621.433 COH'OpCEME- 32252r2024-10-08w2024-10-08yBK